| 000 | 00952naa a2200241 4500 | ||
|---|---|---|---|
| 005 | 20110810145620.0 | ||
| 008 | 110810t xxu||||| |||| 00| 0 eng d | ||
| 010 | _aENG-103344 | ||
| 020 |
_c200.00 _a9788183683524 |
||
| 035 | _aEN-86877 | ||
| 037 | _bDBAD/PUB | ||
| 040 |
_aDPL _bEng |
||
| 082 | _aN | ||
| 100 |
_932587 _aJayakanthan |
||
| 245 | 1 |
_aOnce an actress / _cby Jayakanthan ; transleted from Tamil by K.S.Subramanian |
|
| 260 |
_aChennai _bNew Horizon Media _c2007 |
||
| 270 |
_a33/15, Eldams Road, _bChennai _e600018 _k+91-44-4200-9601/03/04 _l+91-44-4300-9701 _mindianwriting@nhm.in |
||
| 300 |
_a230p. _c22cm (pbk) |
||
| 700 | 1 |
_925924 _aSubramanian, K.S. |
|
| 942 |
_adpl _cEN _2ddc _mJAY _hN |
||
| 999 |
_c55429 _d55429 |
||